000 00356nam a2200121 i 4500
001 bg
245 0 _a13 Międzynarodowe Sympozjum Naukowe studentów i młodych pracowników nauki :
_bbudownictwo i inżynieria środowiska.
260 _aZielona Góra,
_c1991.
040 _cBPK
041 _apol
942 _cKS
008 s pl f |000 0 pol
999 _c29426
_d29426
856 _uhttp://koha.tu.koszalin.pl/cgi-bin/koha/opac-detail.pl?biblionumber=29426
_yKatalog online BPK